00611cam a22002411 4500001001300000003000400013005001700017008004100034010001700075025001800092035002000110040002100130042001200151050001700163100002300180245003900203260001100242300002200253500001400275650004500289650001800334999001700352sa 67004656 DLC20260227112349.0941012s1965 ii 000 0 orio  asa 67004656  aPL480:I-O-604 a(OCoLC)31273883 aDLCcCUdCUdDLC apremarc00aPK2570b.M281 aMahanti, Debendra.10aPañcasakhā Oḍiā sāhitya. c[1965] a3, 148 p.c19 cm. aIn Oriya. 0aOriya literaturexHistory and criticism. 0aPoets, Oriya. c74662d74662